000 00957nac a22002891i 4500
003 EG-ScBUE
005 20260301095353.0
008 260301t1998 caua f b 001 0 eng d
020 _a0321015185
020 _a9780321015181
040 _aEG-ScBUE
_beng
_erda
_cEG-ScBUE
_dEG-ScBUE
082 0 4 _a577
_bSMI
_222
100 1 _aSmith, Robert Leo,
_eauthor.
245 1 0 _aElements of ecology /
_cRobert Leo Smith, Thomas M. Smith.
250 _aFourth edition.
264 1 _aMenlo Park, Calif. :
_bBenjamin Cummings,
_c[1998]
264 4 _cc1998
300 _axix, 555 pages :
_billustrations (some color), color maps ;
_c26 cm
336 _2rdacontent
_atext
_btxt
337 _aunmediated
_2rdamedia
_bn
338 _avolume
_bnc
_2rdacarrier
504 _aIncludes bibliographical references and index.
650 7 _aEcology.
_2BUEsh
655 _vReading book
700 1 _aSmith, T. M.
_q(Thomas Michael),
_d1955-
_eauthor.
942 _cBB
_2ddc
999 _c1428
_d1428